| 000 | 00401nam a2200145Ia 4500 | ||
|---|---|---|---|
| 008 | 230711s9999||||xx |||||||||||||| ||und|| | ||
| 041 | _aENG | ||
| 082 |
_a621 _bAN-E |
||
| 100 | _aAnand,M. M. S. | ||
| 245 | 0 | _aElectronics instruments and instrumentation technology | |
| 250 | _a3rd . Ed. | ||
| 260 |
_c2004 _aNew Delhi _bPHI Learning Private Limited |
||
| 650 | _aElectronics Engineering | ||
| 942 | _cBK | ||
| 999 |
_c4438 _d4438 |
||